000 00293nam a22001337a 4500
008 181012b xxu||||| |||| 00| 0 eng d
020 _a0721664717
041 _aeng
080 _22nd
_a618
100 _a10
101 _aGJIN
245 _aThe Developing Human
_cMoore,K.L
942 _2udc
_cBK
999 _c49466
_d49466